Top 100 Commodore Amiga Games - Statistics

General Stats
  • This quiz has been taken 74 times
  • The average score is 8 of 100
Answer Stats
# ANSWER % Correct
2 LEMMINGS
61%
60 SENSIBLE SOCCER
50%
27 CANNON FODDER
37%
4 THE SECRET OF MONKEY ISLAND
32%
15 SENSIBLE WORLD OF SOCCER
31%
1 CIVILIZATION
27%
92 SPEEDBALL
27%
31 ELITE
26%
30 SHADOW OF THE BEAST
26%
63 TURRICAN
23%
37 PINBALL DREAMS
21%
7 WORMS
21%
76 KICK OFF 2
19%
21 SIM CITY
19%
42 SUPERFROG
18%
6 THE SECRET OF MONKEY ISLAND 2 - LECHUCK'S REVENGE
18%
90 DUNE
16%
24 FLASHBACK
16%
23 PINBALL FANTASIES
16%
36 ANOTHER WORLD / OUT OF THIS WORLD
15%
47 POPULOUS
15%
74 GOAL
13%
45 GODS
13%
97 RAINBOW ISLANDS
13%
44 CHAOS ENGINE
11%
50 PIRATES
11%
20 STUNT CAR RACER
11%
17 SYNDICATE
11%
48 LEMMINGS II
10%
43 PINBALL ILLUSIONS
10%
9 SETTLERS
10%
89 SWIV
10%
13 WINGS
10%
88 ALIEN BREED
8%
79 BATTLE SQUADRON
8%
65 CHAMPIONSHIP MANAGER
8%
49 DEFENDER OF THE CROWN
8%
61 MARBLE MADNESS
8%
26 TURRICAN II
8%
8 DUNGEON MASTER
6%
57 IT CAME FROM THE DESERT
6%
67 PROJECT X
6%
59 SIMCITY 2000
6%
25 SPEEDBALL II - BRUTAL DELUXE
6%
77 THEME PARK
6%
100 BLOOD MONEY
5%
18 COLONIZATION
5%
3 DUNE II
5%
10 FRONTIER - ELITE 2
5%
84 SILKWORM
5%
22 FORMULA 1 GRAND PRIX
3%
58 LOTUS ESPRITE TURBO CHALLENGE
3%
41 LOTUS ESPRITE TURBO CHALLENGE II
3%
80 AMBERMOON
2%
86 BATTLE CHESS
2%
52 EMPIRE
2%
51 EYE OF THE BEHOLDER
2%
35 EYE OF THE BEHOLDER II
2%
38 GLOOM
2%
46 HIRED GUNS
2%
54 POPULOUS II
2%
29 RAILROAD TYCOON
2%
82 SKIDMARKS
2%
16 UFO - ENEMY UNKNOWN
2%
40 WING COMMANDER
2%
34 ALIEN BREED 3D -
0%
12 ALIEN BREED 3D 2 - THE KILLING GROUNDS
0%
95 ANGBAND
0%
78 BLACK CRYPT
0%
33 BREATHLESS
0%
32 CAPITAL PUNISHMENT AGA
0%
19 DELUXE GALAGA
0%
85 DELUXE PACMAN
0%
98 DUNGEON MASTER II SKULLKEEP
0%
66 F-18 INTERCEPTOR
0%
81 F/A-18 HORNET
0%
62 FAERY TALE ADVENTURE
0%
64 GUNSHIP 2000
0%
55 INDIANA JONES IN THE FATE OF ATLANTIS
0%
83 INDIANA JONES IN THE LAST CRUSADE
0%
91 INDIANAPOLIS 500
0%
93 MECHFORCE
0%
72 MEGABALL
0%
99 MORTAL KOMBAT II
0%
68 NETHACK
0%
75 POWERMONGER
0%
96 SHANGHAI
0%
39 SIMON THE SORCERER
0%
14 SLAM TILT
0%
70 SUPER SKIDMARKS
0%
53 SUPER STARDUST
0%
71 THE BARD'S TALE
0%
73 THE GREAT GIANA SISTERS
0%
94 THE KILLING CLOUD
0%
11 THE SENTINEL
0%
56 TV SPORTS BASKETBALL
0%
69 TV SPORTS: FOOTBALL
0%
5 WORMS - THE DIRECTOR'S CUT
0%
87 XENON 2 MEGABLAST
0%
28 XTREME RACING
0%
No matching quizzes found
Score Distribution
Percent of People with Each Score
Percentile by Number Answered
Your Score History
You have not taken this quiz